|
|
|
|
| LEADER |
00000cam a2200000 a 4500 |
| 001 |
1/123953 |
| 008 |
211124s1977####gr | ||| |||| ||gre|| |
| 040 |
|
|
|a GR-MyUa
|b gre
|c GR-MyUa
|e AACR2
|
| 041 |
0 |
|
|a gre
|
| 082 |
7 |
|
|a 808.068
|2 (23)
|
| 100 |
1 |
|
|a Ρώτας, Βασίλης,
|d 1889-1977.
|
| 245 |
1 |
3 |
|a Το παραμύθι της ανέμης /
|c Βασίλη Ρώτα.
|
| 260 |
|
|
|a Αθήνα :
|b [χ.ό.],
|c 1977.
|
| 300 |
|
|
|a 104 σ. :
|b εικ. ;
|c 24 εκ.
|
| 650 |
|
0 |
|a Children's literature, Greek (Modern.
|
| 650 |
|
0 |
|a Greek drama, Modern
|y 20th century.
|
| 650 |
|
0 |
|a Greek literature, Modern
|y 20th century.
|
| 650 |
|
0 |
|a Love in literature.
|
| 852 |
|
|
|a INST
|b RHODES
|c AKA
|e 20211124
|h 808.068 ΡΩΤ
|p 005400042417
|q 005400042417
|t BK
|y 0
|
| 970 |
|
|
|z 24-11-2021
|